Modern Power System Analysis (Record no. 2473)

MARC details
000 -LEADER
fixed length control field 00398nam a22001697a 4500
005 - DATE AND TIME OF LATEST TRANSACTION
control field 20160613104314.0
008 - FIXED-LENGTH DATA ELEMENTS--GENERAL INFORMATION
fixed length control field 160613b xxu||||| |||| 00| 0 eng d
020 ## - INTERNATIONAL STANDARD BOOK NUMBER
ISBN 978-0-07107775-0
041 ## - LANGUAGE CODE
Language code of text/sound track or separate title eng
082 ## - DEWEY DECIMAL CLASSIFICATION NUMBER
Item number 7126
100 ## - MAIN ENTRY--AUTHOR NAME
Personal name Kothari D.P.
245 ## - TITLE STATEMENT
Title Modern Power System Analysis
260 ## - PUBLICATION, DISTRIBUTION, ETC. (IMPRINT)
Name of publisher Mc Graw Hill
300 ## - PHYSICAL DESCRIPTION
Number of Pages 776
650 ## - SUBJECT ADDED ENTRY--TOPICAL TERM
Topical Term DIPLOMA ENGINEERING
942 ## - ADDED ENTRY ELEMENTS (KOHA)
Koha item type Books
Holdings
Lost status Damaged status Home library Current library Shelving location Date acquired Cost, normal purchase price Full call number Accession Number Koha item type
    JRU Library   SHELF-36-D 13/06/2016 585.00 7126 7126 Books
    JRU Library   SHELF-36-D 13/06/2016 585.00 7126 7127 Books
    JRU Library   SHELF-36-D 13/06/2016 585.00 7126 7128 Books